000 00786nam a2200217Ii 4500
003 JO-AjNU
008 230605s9999||||xx |||||||||||||| ||und||
040 _aJO-AjNU
_bara
_erda
_cJO-AjNU
041 _aara
050 1 4 _aHC998.E39.M2.1980
100 3 _aعبد الفضيل،محمود ,
_eauthor
_910116
245 0 0 _aالاقتصاد المصري بين التخطيط المركزي والانفتاح الاقتصادي
250 _aط1
264 3 1 _aطرابلس:معهد الانماء العربي،1980
300 _a319ص
336 _atext
_btxt
_2rdacontent
337 _aunmediated
_bn
_2rdamedia
338 _avolume
_bnc
_2rdacarrier
490 0 _aالدراسات الاقتصادية الاستراتيجية 
650 4 _aاحوال اقتصادية-مصر
_910117
999 _aA1644
_c5212
_d5212